|
|
|
|
| LEADER |
02331nam a22004218i 4500 |
| 001 |
39377 |
| 003 |
BD-DhAAL |
| 008 |
180808s2019 nyu b 001 0 eng |
| 999 |
|
|
|c 44102
|d 44102
|
| 010 |
|
|
|a 2018035117
|
| 020 |
|
|
|a 1292264454
|
| 020 |
|
|
|a 9781292264455
|
| 020 |
|
|
|a 9780134461991
|
| 040 |
|
|
|a DLC
|b eng
|e rda
|c DLC
|d BD-DhAAL
|
| 042 |
|
|
|a pcc
|
| 050 |
0 |
0 |
|a HB139
|b .S765 2019
|
| 082 |
0 |
0 |
|a 330.015195
|2 23
|
| 100 |
1 |
|
|a Stock, James H.,
|e author.
|9 50894
|
| 245 |
1 |
0 |
|a Introduction to econometrics /
|c James H. Stock, Harvard University, Mark W. Watson, Princeton University.
|
| 250 |
|
|
|a Fourth edition.
|
| 263 |
|
|
|a 1809
|
| 264 |
|
1 |
|a Boston ;
|a Harlow :
|b Pearson,
|c c2020.
|
| 300 |
|
|
|a 797 pages :
|b illustrations ;
|c 26 cm.
|
| 490 |
0 |
|
|a The Pearson series in economics
|
| 504 |
|
|
|a Includes bibliographical references and index.
|
| 526 |
|
|
|a ESS
|
| 541 |
|
|
|a Books Finder International
|e 39377, 39378, 39379, 39380, 39381
|
| 650 |
|
0 |
|a Econometrics.
|9 50895
|
| 650 |
|
0 |
|a Economics.
|9 50896
|
| 700 |
1 |
|
|a Watson, Mark W.,
|e author.
|9 50897
|
| 830 |
|
|
|a The Pearson series in economics
|9 50898
|
| 852 |
|
|
|a Ayesha Abed Library
|c General Stacks
|
| 942 |
|
|
|2 ddc
|c BK
|
| 952 |
|
|
|0 0
|1 0
|2 ddc
|4 0
|6 330_015195000000000_STO
|7 0
|9 71384
|a BRACUL
|b BRACUL
|c GEN
|d 2022-07-28
|e Book Finder International
|g 5689.43
|l 7
|m 72
|o 330.015195 STO
|p 3010039380
|q 2026-06-02
|r 2026-01-14
|s 2026-01-14
|t 4
|v 5689.43
|w 2022-07-28
|y BK
|
| 952 |
|
|
|0 0
|1 0
|2 ddc
|4 0
|6 330_015195000000000_STO
|7 0
|9 71385
|a BRACUL
|b BRACUL
|c GEN
|d 2022-07-28
|e Book Finder International
|g 5689.43
|l 5
|m 71
|o 330.015195 STO
|p 3010039377
|q 2026-06-02
|r 2025-10-12
|s 2025-10-12
|t 1
|v 5689.43
|w 2022-07-28
|y BK
|
| 952 |
|
|
|0 0
|1 0
|2 ddc
|4 0
|6 330_015195000000000_STO
|7 0
|9 71386
|a BRACUL
|b BRACUL
|c GEN
|d 2022-07-28
|e Book Finder International
|g 5689.43
|l 8
|m 91
|o 330.015195 STO
|p 3010039381
|r 2026-05-20
|s 2026-03-04
|t 5
|v 5689.43
|w 2022-07-28
|y BK
|
| 952 |
|
|
|0 0
|1 0
|2 ddc
|4 0
|6 330_015195000000000_STO
|7 0
|9 71387
|a BRACUL
|b BRACUL
|c GEN
|d 2022-07-28
|e Book Finder International
|g 5689.43
|l 7
|m 70
|o 330.015195 STO
|p 3010039379
|q 2025-11-09
|r 2025-10-13
|s 2025-10-13
|t 3
|v 5689.43
|w 2022-07-28
|y BK
|
| 952 |
|
|
|0 0
|1 0
|2 ddc
|4 0
|6 330_015195000000000_STO
|7 0
|9 71388
|a BRACUL
|b BRACUL
|c GEN
|d 2022-07-28
|e Book Finder International
|g 5689.43
|l 6
|m 82
|o 330.015195 STO
|p 3010039378
|q 2026-05-20
|r 2026-02-03
|s 2026-02-03
|t 2
|v 5689.43
|w 2022-07-28
|y BK
|